书目信息 |
| 题名: |
高师教育管理的研究与实践
|
|
| 作者: | 陈祖楠 编 | |
| 分册: | ||
| 出版信息: | 沈阳 辽宁大学出版社 1993.6 |
|
| 页数: | 334页 | |
| 开本: | 20cm | |
| 丛书名: | ||
| 单 册: | ||
| 中图分类: | G657 | |
| 科图分类: | 38.48 | |
| 主题词: | 高等师范教育-学校管理--文集 , 学校管理-高等师范教育--文集 | |
| 电子资源: | ||
| ISBN: | 7-5610-2175-5 | |
| 000 | 00871nam0 2200253 45 | |
| 001 | 0193050114 | |
| 005 | 20070714100511.17 | |
| 010 | @a7-5610-2175-5@dCNY6.50 | |
| 100 | @a19931106d1993 em y0chiy0121 ea | |
| 101 | 0 | @achi |
| 102 | @aCN@b210000 | |
| 105 | @ay z 000yy | |
| 200 | 10 | @a高师教育管理的研究与实践@AGAO SHI JIAO YU GUAN LI DE YAN JIU YU SHI JIAN@f陈祖楠编@FCHEN ZU NAN BIAN |
| 210 | @a沈阳@c辽宁大学出版社@d1993.6 | |
| 215 | @a334页@d20cm | |
| 330 | @a本书收入论文34篇,包括:《走出师范教育的困境》、《落实德育为首的实践与思考》、《班级集体量化管理的探索与实践》等。 | |
| 540 | 1 | @a高师 教育 管理@AGAO SHI JIAO YU GUAN LI |
| 606 | @a高等师范教育-学校管理@x文集 | |
| 606 | @a学校管理-高等师范教育@x文集 | |
| 690 | @aG657@v三版 | |
| 692 | @a38.48 | |
| 701 | 0 | @a陈祖楠@ACHEN ZU NAN@4编 |
| 801 | 0 | @aCN@bTSSF@c20070714 |
| 905 | @a10447@dG657@e83 | |
| 高师教育管理的研究与实践/陈祖楠编.-沈阳:辽宁大学出版社,1993.6 |
| 334页;20cm |
| ISBN 7-5610-2175-5:CNY6.50 |
| 本书收入论文34篇,包括:《走出师范教育的困境》、《落实德育为首的实践与思考》、《班级集体量化管理的探索与实践》等。 |
| ● |
| 相关链接 |
|
|
|
|
正题名:高师教育管理的研究与实践
索取号:G657/83
 
预约/预借
| 序号 | 登录号 | 条形码 | 馆藏地/架位号 | 状态 | 备注 |
| 1 | 0768860 | 207688607 | 第一样本阅览室/ [索取号:G657/83] | 在馆 |